[Event "Montreal Mercredi 05"]
[Site "Montreal"]
[Date "2014.06.11"]
[Round "5"]
[White "Mireault, Sylvain"]
[Black "Khudaverdian, Berj"]
[Result "0-1"]
[WhiteElo "1717"]
[BlackElo "1685"]
[PlyCount "120"]
[EventDate "2014.05.14"]
[EventType "swiss"]
[EventRounds "5"]
[EventCountry "CAN"]
[SourceTitle "EXT 2022"]
[Source "ChessBase"]
[SourceDate "2021.10.06"]
[SourceVersion "1"]
[SourceVersionDate "2021.10.06"]
[SourceQuality "1"]

1. Nf3 d6 2. g3 g6 3. Bg2 Bg7 4. 0-0 Nf6 5. d3 0-0 6. e4 Nbd7 7. c3 e5 8. Nbd2 b6 9. Qc2 Ba6 10. Nb3 h6 11. Re1 Bb7 12. Bd2 a5 13. a4 Kh7 14. Rad1 Bc6 15. Nc1 Nc5 16. b3 Qd7 17. Nh4 Nh5 18. Be3 Ne6 19. d4 Ng5 20. dxe5 Rae8 21. f4 Nh3+ 22. Kh1 Qg4 23. Bf3 Nxg3+ 24. Kg2 Bxe4 25. Qxe4 Nxe4+ 26. Bxg4 Nxc3 27. Rd3 dxe5 28. fxe5 Bxe5 29. Bxh3 Ne4 30. Nf3 Bd6 31. Bd4 f5 32. Red1 g5 33. Nd2 g4 34. Nxe4 Rxe4 35. Re3 gxh3+ 36. Kxh3 Rg4 37. Ne2 Rfg8 38. Ng3 f4 39. Re4 R4g5 40. Bf6 fxg3 41. Bxg5 Rxg5 42. Rxd6 cxd6 43. hxg3 Re5 44. Rc4 Re3 45. Rc6 Rxb3 46. Rxd6 Rb4 47. Rd7+ Kg6 48. Rd6+ Kg5 49. Rd5+ Kf6 50. Rd6+ Kg7 51. Rd7+ Kf8 52. Rh7 Rxa4 53. Rxh6 Rb4 54. g4 Kg7 55. Rc6 a4 56. Kh4 a3 57. Kh5 a2 58. Rc7+ Kf8 59. Rc8+ Ke7 60. Rc1 Rb1 0-1

[Event "Montreal Mercredi 05"]
[Site "Montreal"]
[Date "2014.06.04"]
[Round "4"]
[White "Ouellet, Maili Jade"]
[Black "Mireault, Sylvain"]
[Result "0-1"]
[WhiteElo "1746"]
[BlackElo "1717"]
[PlyCount "120"]
[EventDate "2014.05.14"]
[EventType "swiss"]
[EventRounds "5"]
[EventCountry "CAN"]
[SourceTitle "EXT 2022"]
[Source "ChessBase"]
[SourceDate "2021.10.06"]
[SourceVersion "1"]
[SourceVersionDate "2021.10.06"]
[SourceQuality "1"]

1. d4 Nf6 2. c4 g6 3. Nc3 Bg7 4. e4 0-0 5. f4 d6 6. Nf3 c5 7. d5 Na6 8. Be2 Nc7 9. 0-0 a6 10. a4 Rb8 11. h3 b5 12. axb5 axb5 13. cxb5 Bd7 14. e5 Nfe8 15. g4 Bxb5 16. Bxb5 Nxb5 17. Ne4 Nec7 18. exd6 exd6 19. Kh1 Nd4 20. Nc3 Re8 21. Qd3 Re7 22. f5 Nb3 23. Rb1 Nxc1 24. Rfxc1 Qd7 25. fxg6 hxg6 26. Rd1 Rbe8 27. Qf1 Re3 28. Rbc1 f5 29. g5 f4 30. Rd2 Qf5 31. Kg1 Rxf3 32. Qxf3 Re3 33. Qf1 Rxh3 34. Rh2 Rg3+ 35. Kh1 Bd4 36. Qe2 Re3 37. Qc2 Qf7 38. Rh6 Kf8 39. Qxg6 Rh3+ 40. Kg2 Rg3+ 41. Kh2 Qxg6 42. Rxg6 Be5 43. Ne4 Rb3 44. Rc2 Nxd5 45. Nxd6 f3+ 46. Kh1 Re3 47. Kg1 Re2 48. Rc1 Bd4+ 49. Kh1 f2 50. Rf1 Re1 51. Kg2 Nf4+ 52. Kf3 Nxg6 53. Rxf2 Ne5+ 54. Kg2+ Bxf2 55. Kxf2 Nd3+ 56. Kf3 Nxb2 57. Kf4 c4 58. g6 c3 59. Nf5 Rf1+ 60. Kg5 Rxf5+ 0-1

[Event "Montreal Mercredi 04"]
[Site "Montreal"]
[Date "2014.04.02"]
[Round "1"]
[White "Abdelaal, Ibrahim"]
[Black "Mireault, Sylvain"]
[Result "1-0"]
[WhiteElo "1748"]
[BlackElo "1744"]
[PlyCount "63"]
[EventDate "2014.04.02"]
[EventType "swiss"]
[EventRounds "5"]
[EventCountry "CAN"]
[SourceTitle "EXT 2022"]
[Source "ChessBase"]
[SourceDate "2021.10.06"]
[SourceVersion "1"]
[SourceVersionDate "2021.10.06"]
[SourceQuality "1"]

1. e4 c5 2. d4 cxd4 3. c3 dxc3 4. Nxc3 Nc6 5. Nf3 d6 6. Bc4 e6 7. 0-0 a6 8. Qe2 Qc7 9. Bf4 Nge7 10. Rac1 Ng6 11. Bg3 Be7 12. Nd5 exd5 13. exd5 0-0 14. dxc6 bxc6 15. Rfe1 Qb6 16. h3 d5 17. Bb3 a5 18. Ba4 Ba6 19. Qd1 Rac8 20. Nd4 Bb4 21. Re3 Bc5 22. Rb3 Bb4 23. Bd6 Bc4 24. Bxf8 Bxb3 25. axb3 Kxf8 26. Nxc6 Bc5 27. Qxd5 Bxf2+ 28. Kh1 Bg3 29. Rf1 Qc7 30. Nd8 Nf4 31. Qf3 Qc1 32. Nc6 1-0